00378nam a2200157Ia 4500003000400000008004100004040001600045082001700061100002100078245004100099260003300140300001100173650001000184650001100194650001500205GCL140319s9999 xx 000 0 eng d aGCL / cGCL04a739.722bO J1 aOGASAUARA, NOBIO10aJAPANESE SWARDS / cOGASAUARA, NOBIO a[S.N] : bHAIKUSHA ، c1993 a132 PP04aJAPAN04aSWORDS04aART, JAPAN